| 000 | 01038nam a2200301 i 4500 | ||
|---|---|---|---|
| 001 | 8174 | ||
| 003 | KOSZ 005 | ||
| 005 | 20201105081027.0 | ||
| 008 | 950707s1964 pl a f f 001 0 pol d | ||
| 040 |
_cKOSZ 005/HR _aKOSZ 005/HR _dKOSZ 005/HR |
||
| 080 | _a517.2/.3 | ||
| 080 | _a(07) | ||
| 100 | 1 |
_aFihtengol'c, Grigorij Mihajlovič _d(1888-1959) _eAutor |
|
| 245 | 1 | 0 |
_aRachunek różniczkowy i całkowy. _nT. 1 / _cG. M. Fichtenholz. |
| 246 |
_iTyt. oryg.: _aKurs differencial'nogo i integral'nogo isčislenija |
||
| 250 | _aWyd. 2 popr. | ||
| 260 |
_aWarszawa : _bPaństwowe Wydawnictwo Naukowe, _c1964. |
||
| 300 |
_a511, [1] s.: _bil ; _c25 cm. |
||
| 380 | _aKsiążki | ||
| 504 | _aIndeks. | ||
| 658 | _aMatematyka | ||
| 655 | _aPodręcznik | ||
| 650 | 4 | _aRachunek całkowy | |
| 650 | 4 | _aRachunek różniczkowy | |
| 710 | 2 |
_aPaństwowe Wydawnictwo Naukowe _4pbl. |
|
| 856 |
_uhttps://koha.tu.koszalin.pl/cgi-bin/koha/opac-detail.pl?biblionumber=8174 _yKatalog online BPK |
||
| 942 |
_cKS _2UKD |
||
| 999 |
_c8174 _d8174 |
||